[Event "Tetraktys Concept Mgmt"]
[Site "Europe Echecs INT"]
[Date "2021.06.06"]
[Round "11"]
[White "Chaillou, Thibault"]
[Black "Duquesnoy, Jean Philippe"]
[Result "1-0"]
[WhiteElo "1885"]
[BlackElo "2172"]
[PlyCount "75"]
[EventDate "2021.06.06"]
[EventType "swiss (blitz)"]
[EventRounds "11"]
[EventCountry "FRA"]
[SourceTitle "CBM 202 Extra"]
[Source "ChessBase"]
[SourceDate "2021.07.31"]
[SourceVersion "1"]
[SourceVersionDate "2021.07.31"]
[SourceQuality "1"]

1. e4 c5 2. c3 d6 3. Nf3 Nf6 4. Bd3 g6 5. 0-0 Bg7 6. h3 0-0 7. Bc2 Nc6 8. d4 cxd4 9. cxd4 d5 10. e5 Ne4 11. Nc3 Nxc3 12. bxc3 Na5 13. Bf4 b6 14. Qc1 Ba6 15. Re1 Rc8 16. Bb3 Bc4 17. Rb1 f6 18. Bh6 Qc7 19. Bxg7 Kxg7 20. Qa3 Rf7 21. Nd2 Bxb3 22. Nxb3 Nc4 23. Qa6 fxe5 24. dxe5 Nxe5 25. Nd4 Rf6 26. f4 Nf7 27. Ne6+ Rxe6 28. Rxe6 Qxc3 29. Rbe1 Rc7 30. Kh1 d4 31. Rxe7 Rxe7 32. Rxe7 Qc1+ 33. Kh2 Qxf4+ 34. Kg1 Qc1+ 35. Qf1 Qxf1+ 36. Kxf1 Kf6 37. Rd7 Ke5 38. Rxf7 1-0

[Event "Tetraktys Concept Mgmt"]
[Site "Europe Echecs INT"]
[Date "2021.06.06"]
[Round "8"]
[White "Chaillou, Thibault"]
[Black "Godel, Wenceslas"]
[Result "1-0"]
[WhiteElo "1885"]
[BlackElo "1978"]
[PlyCount "41"]
[EventDate "2021.06.06"]
[EventType "swiss (blitz)"]
[EventRounds "11"]
[EventCountry "FRA"]
[SourceTitle "CBM 202 Extra"]
[Source "ChessBase"]
[SourceDate "2021.07.31"]
[SourceVersion "1"]
[SourceVersionDate "2021.07.31"]
[SourceQuality "1"]

1. e4 c5 2. c3 Nf6 3. e5 Nd5 4. Nf3 e6 5. d4 cxd4 6. cxd4 d6 7. exd6 Bxd6 8. Nc3 Nxc3 9. bxc3 0-0 10. Bd3 h6 11. 0-0 Nc6 12. Qe2 Qc7 13. Re1 Re8 14. Bb2 e5 15. Nh4 Bd7 16. Qe4 f5 17. Nxf5 exd4 18. Qd5+ Kh8 19. Nxd6 Rxe1+ 20. Rxe1 Nd8 21. Qe4 1-0

[Event "Tetraktys Concept Mgmt"]
[Site "Europe Echecs INT"]
[Date "2021.06.06"]
[Round "1"]
[White "Donchenko, Alexander"]
[Black "Chaillou, Thibault"]
[Result "1-0"]
[WhiteElo "2652"]
[BlackElo "1885"]
[PlyCount "77"]
[EventDate "2021.06.06"]
[EventType "swiss (blitz)"]
[EventRounds "11"]
[EventCountry "FRA"]
[SourceTitle "CBM 202 Extra"]
[Source "ChessBase"]
[SourceDate "2021.07.31"]
[SourceVersion "1"]
[SourceVersionDate "2021.07.31"]
[SourceQuality "1"]

1. Nf3 Nf6 2. g3 g6 3. Bg2 Bg7 4. 0-0 c5 5. c4 0-0 6. Nc3 e6 7. d4 cxd4 8. Nxd4 Nc6 9. Ndb5 d5 10. cxd5 exd5 11. Nxd5 Nxd5 12. Qxd5 Be6 13. Qxd8 Rfxd8 14. Nc7 Rac8 15. Nxe6 fxe6 16. Bg5 Rd7 17. Rfd1 Rxd1+ 18. Rxd1 Bxb2 19. Rb1 Bg7 20. Rxb7 Nd4 21. Kf1 h6 22. Be3 Nf5 23. Bf4 e5 24. Bd2 Rc2 25. Ke1 Nd6 26. Rxa7 e4 27. Ra4 e3 28. Bxe3 Bc3+ 29. Kd1 Rb2 30. Bxh6 Nb5 31. Bc1 Rb1 32. Kc2 Ra1 33. Bc6 Nd4+ 34. Kxc3 Nxe2+ 35. Kd2 Nxc1 36. Bd5+ Kg7 37. Bc4 Kf6 38. Kc2 Ke5 39. Kb2 1-0